Statistics for Asian Geography By Letter - J

Click here to take the quiz!

General Stats

  • This quiz has been taken 16,781 times
    (16,662 since last reset)
  • The average score is 12 of 20

Answer Stats

HintAnswer% Correct
Capital of IndonesiaJakarta
98%
Capital of IsraelJerusalem
98%
Nihon is its native nameJapan
97%
Most common religion of IsraelJudaism
94%
Island which the above lies onJava
89%
Martial art native to the aboveJudo
88%
Precious stone used in the burial suits
of Chinese emperors
Jade
79%
River that connects the Dead Sea
to the Sea of Galilee
Jordan
78%
Qatar-based media networkAl {Jazeera}
74%
Biggest Saudi portJeddah
70%
Capital of Rajasthan, IndiaJaipur
50%
Non-violent religion of IndiaJainism
49%
Indian city or style of horse-riding pantsJodhpur
46%
This Palestinian locale is the oldest
walled city in world
Jericho
42%
Largest South Korean islandJeju
36%
Northernmost Indian union territory{Jammu} and
Kashmir
33%
Common Chinese dialect in central ChinaJin
26%
Ancient port near modern-day Tel AvivJaffa
24%
Malaysian city just north of Singapore{Johor} Bahru
22%
Most densely populated Chinese provinceJiangsu
16%

Score Distribution

Percentile by Number Answered

Percent of People with Each Score

Your Score History

You have not taken this quiz since the last reset